| 000 | 02356nam a2200517 i 4500 | ||
|---|---|---|---|
| 001 | xx005912315 | ||
| 003 | NUKAT | ||
| 005 | 20260317132819.0 | ||
| 008 | 260317s2025 pl a |000 0 pol c | ||
| 020 |
_a9788396397133 _q(oprawa miękka) |
||
| 035 | _a(NUKAT)xx005912315 | ||
| 040 |
_aOLSZT 008/bak _bpol _erda _cOLSZT 008/bak |
||
| 041 | 1 |
_apol _aeng _beng _hpol |
|
| 045 | 2 |
_bd1918 _bd1939 |
|
| 046 | _k2025 | ||
| 099 | _ahh_577867 | ||
| 245 | 0 | 0 |
_aPrzedwojenne muzea regionalne z terenu dawnych Prus Wschodnich i losy ich kolekcji / _credakcja Alicja Dobrosielska, Kacper Martyka ; tłumaczenie na język angielski Jarosław Solmiński ; Stowarzyszenie Naukowe Archeologów Polskich Oddział w Olsztynie, Towarzystwo Naukowe Pruthenia. |
| 260 |
_aOlsztyn : _bStowarzyszenie Naukowe Archeologów Polskich Oddział w Olsztynie : _bOficyna Wydawnicza Towarzystwa Naukowego Pruthenia, _c2025. |
||
| 300 |
_a336 stron : _bilustracje ; _c30 cm. |
||
| 336 |
_aTekst _btxt _2rdacontent |
||
| 337 |
_aBez urządzenia pośredniczącego _bn _2rdamedia |
||
| 338 |
_aWolumin _bnc _2rdacarrier |
||
| 380 | _aKsiążki | ||
| 380 | _aPublikacje naukowe | ||
| 388 | 1 | _a2001- | |
| 490 | 1 |
_aPruthenia Antiqua : studia do pradziejów i wczesnej historii ziem pruskich _vvol. 3 |
|
| 500 | _aNazwa tłumacza na stronie redakcyjnej. | ||
| 504 | _aBibliografie przy pracach. | ||
| 546 | _aWstęp równolegle w języku polskim i tłumaczeniu angielskim; streszczenia w języku angielskim. | ||
| 648 | 7 |
_a1901-2000 _2DBN _934996 |
|
| 648 | 7 |
_a1918-1939 _2DBN _936041 |
|
| 650 | 7 |
_aMuzea regionalne _2DBN _936737 |
|
| 650 | 7 |
_aZbiory muzealne _2DBN _936740 |
|
| 651 | 7 |
_aPrusy Wschodnie _2DBN _935154 |
|
| 655 | 7 |
_aPraca zbiorowa _2DBN _935107 |
|
| 658 | _aBibliotekarstwo, archiwistyka, muzealnictwo | ||
| 658 | _aHistoria | ||
| 700 | 1 |
_aDobrosielska, Alicja. _eRedakcja _923547 |
|
| 700 | 1 |
_aMartyka, Kacper. _eRedakcja _938245 |
|
| 700 | 1 |
_aSolmiński, Jarosław. _eTłumaczenie _919964 |
|
| 710 | 2 |
_aStowarzyszenie Naukowe Archeologów Polskich. _bOddział (Olsztyn). _eInstytucja sprawcza _eWydawca _4pbl _938244 |
|
| 710 | 2 |
_aStowarzyszenie Miłośników Historii i Kultury Prusów "Pruthenia". _eInstytucja sprawcza _eWydawca _4pbl _918716 |
|
| 830 | 0 |
_aPruthenia Antiqua _vvol. 3 _923350 |
|
| 920 | _a978-83-963971-3-3 (oprawa miękka) | ||
| 942 |
_2ddc _cBK_NM |
||
| 999 |
_c27050 _d27050 |
||